000 00260nam a2200109Ia 4500
008 200302s9999 xx 000 0 und d
100 _aDavid Brandon
245 _aEdinburgh Street furniture
260 _bAmberley Publishing
260 _c2011
300 _a124 P.,
999 _c4165
_d4165